El tratamiento contable de las exportaciones en el marco de los tributos locales (Registro nro. 12975)

Detalles MARC
000 -LEADER
fixed length control field 00389 a2200121 4500
001 - CONTROL NUMBER
control field ART_7595
005 - DATE AND TIME OF LATEST TRANSACTION
control field 20260410161637.0
008 - FIXED-LENGTH DATA ELEMENTS--GENERAL INFORMATION
fixed length control field 260409a
100 1# - MAIN ENTRY--PERSONAL NAME
Personal name Lorenzo, Armando
245 10 - TITLE STATEMENT
Title El tratamiento contable de las exportaciones en el marco de los tributos locales
700 1# - ADDED ENTRY--PERSONAL NAME
Personal name Cavalli, César M.
773 0# - HOST ITEM ENTRY
Title Consultor tributario
Related parts - Nº 3 (may. 2007)
Record control number REV474

No hay ítems disponibles.